|
|
|
|
| LEADER |
01426nam a2200313 i 4500 |
| 001 |
2753473x |
| 003 |
GR-PaULI |
| 005 |
20220413131410.0 |
| 008 |
190124t2018 gr a g 000 0 gre|d |
| 999 |
|
|
|c 181158
|d 181158
|
| 020 |
|
|
|a 9789606619830
|
| 040 |
|
|
|a GrPaTEI
|b gre
|c GR-PaULI
|e AACR2
|
| 082 |
0 |
4 |
|a 361.25
|2 22
|
| 082 |
0 |
4 |
|a 361.61
|2 23
|
| 245 |
0 |
0 |
|a Κοινωνική πολιτική /
|c Αγγελάκη, Μ. ... [κ.ά.] ; επιμέλεια Θ. Σακελλαρόπουλος... [και ά.].
|
| 260 |
|
|
|a Αθήνα :
|b Διόνικος,
|c c2018.
|
| 300 |
|
|
|a 666 σ. ;
|c 24 εκ.
|
| 504 |
|
|
|a Περιλαμβάνει βιβλιογραφία.
|
| 650 |
|
4 |
|a Κοινωνική πολιτική
|9 2921
|
| 650 |
|
4 |
|a Ανεργία
|9 805
|
| 650 |
|
4 |
|a Απασχόληση, Προοπτικές της
|z Ελλάδα.
|9 22343
|
| 650 |
|
4 |
|a Αποδημία και εποίκηση
|x Κυβερνητική πολιτική.
|9 41680
|
| 650 |
|
4 |
|a Ασφάλιση, Κοινωνική
|9 109872
|
| 650 |
|
4 |
|a Βιώσιμη ανάπτυξη
|z Ελλάδα
|9 106875
|
| 650 |
|
4 |
|a Εκπαίδευση και κράτος
|z Ελλάδα.
|9 17785
|
| 700 |
1 |
|
|a Αγγελάκη, Μαρίνα
|e συγγραφέας,
|e επιμελήτρια.
|9 108083
|
| 700 |
1 |
|
|a Σακελλαρόπουλος, Θεόδωρος
|e συγγραφέας,
|e επιμελητής.
|9 12628
|
| 942 |
|
|
|2 ddc
|c BK15
|
| 998 |
|
|
|c ΛΟΤΣΑΡΗ
|d 2021-10
|